00867cam a2200253 a 4500999001500000001000600015003000900021005001700030008004100047020001500088020001500103040003800118082002200156100002000178245003600198260003400234300002300268504006200291650003400353650003200387650004700419942001200466952013500478 c3386d338610803BD-DhUAP20200304121450.0030731s2004 nyu b 001 0 eng  a0415287626 a0415287626 aBD-DhUAPcBD-DhUAPdBD-DhUAPbEng 223a809.93353 HAL1 aHall, Donald E.10aSubjectivity /cDonald E. Hall. aNew York :bRoutledge,c2004. a144 ages ;c21 cm. aIncludes bibliographical references p. 135-141 and index. 0aSelf-knowledge in literature. 0aSubjectivity in literature. 0aLiterature, ModernxHistory and criticism. 2ddccBK 00102ddc4070aUAPCLbUAPCLcGeneral Stacksd2020-03-04l2o809.93353 HALp3010010803r2024-09-18s2024-09-12t1w2020-03-04yBK